Franks of Western expresses (Record no. 2205)

000 -LEADER
fixed length control field 00352nam a22000977a 4500
008 - FIXED-LENGTH DATA ELEMENTS--GENERAL INFORMATION
fixed length control field 170121b xxu||||| |||| 00| 0 eng d
100 ## - MAIN ENTRY--AUTHOR'S NAME
Author's Name Nathan, Mel
245 ## - TITLE STATEMENT
Title Franks of Western expresses
260 ## - PUBLICATION, DISTRIBUTION, ETC. (IMPRINT)
Place of publication, distribution, etc. Chicago
Name of publisher, distributor, etc. Collectors Club of Chicago,
Date of publication, distribution, etc. 1973
650 ## - TOPICAL TERM (Tag)
Topical term or geographic name United States | Western States | Express Companies | Express Franks | Postal History | Biographies
Holdings
Withdrawn status Lost status Source of classification or shelving scheme Damaged status Koha normalized classification for sorting Not for loan Collection code Permanent Location Current Location Shelving location Date acquired Total Checkouts Full call number Barcode Date last seen Copy number Price effective from Koha item type
        G3701 E968 N274     Northern Philatelic Library Northern Philatelic Library Closed Stacks 01/21/2017   G3701 E968 N274 1002590 01/21/2017 1 01/21/2017 Books

Powered by Koha